Представление документа в формате MARC21

Поле Инд. ПП Название Значение
Тип записи a
Библиографический уровень a
001 Контрольный номер 5bc8e13120af4a09a503a4b4a95f877b
005 Дата корректировки 20180409143750.6
020 a ISBN 978-5-7609-0971-8
040 a Служба первич. каталог. НБ ТвГУ
b Код языка каталог. rus
e Правила каталог. PSBO
041 0_ a Код языка текста rus
097 b Оператор batjaeva_g
098 b Факультет Физико-технический
c Кафедра теоретической физики
245 10 a Заглавие Исследование эллипсометрическим методом зависимости показателя преломления от толщины наноразмерной пленки ацетона
260 a Место издания Тверь
b Издательство Тверской государственный университет
504 a Библиография Библиогр.: с. 352 (7 назв.)
520 0_ a Аннотация В данной работе с использованием фотометрического спектроэллипсометра «Эльф» на основе анализа спектра эллипсометрических углов и было проведено исследование зависимости показателя преломления наноразмерной пленки ацетона, нанесенной на подложку из кремния, от ее толщины.
653 0_ a Ключевые слова Фотометрический спектроэллипсометр
a Ключевые слова Наноразмерные пленки ацетона
a Ключевые слова Показатель преломления
a Ключевые слова Размерная зависимость
a Ключевые слова Труды Тверского государственного университета
700 12 a Другие авторы Сдобняков Николай Юрьевич
q Полное имя Сдобняков Н. Ю.
700 12 a Другие авторы Новожилов Николай Владимирович
q Полное имя Новожилов Н. В.
700 12 a Другие авторы Антонов Александр Сергеевич
q Полное имя Антонов А. С.
700 12 a Другие авторы Воронова Елена Александровна
q Полное имя Воронова Е. А.
700 12 a Другие авторы Михайлова Ольга Владимировна
q Полное имя Михайлова О. В.
773 18 w Контрольный № источника 9994464931ab44c0bbc2935be4440591
t Название источника Физико-химические аспекты изучения кластеров, наноструктур и наноматериалов
d Место и дата издания Тверь : Тверской государственный университет, 2014
g Прочая информация Вып. 6. - С. 349-352
856 40 u URL http://texts.lib.tversu.ru/texts/11590t.pdf
x Примечание для ЭОР Справка УИС 2016
i Дата подключения ЭОР 20170414
x Примечание для ЭОР Реестр суммарного учета сетевых локальных документов
900 a Имя макрообъекта 11590t
901 t Тип документа a
920 a Оператор Батя